[Event "1. Bamberg-Open 2018"]
[Site "Bamberg"]
[Date "2018.05.10"]
[Round "2"]
[White "Brenner, Markus"]
[Black "Schulz, Karsten"]
[Result "1/2-1/2"]
[WhiteElo "2079"]
[BlackElo "2246"]
[Annotator "NA"]
[PlyCount "99"]
[EventDate "2018.??.??"]
[EventType "swiss"]
[EventCountry "GER"]
[SourceTitle "playchess.com"]
[Source "ChessBase"]
[SourceQuality "1"]
[TimeControl "40/5400+30:900+30"]

{[%evp 8,99,46,26,30,32767,32767,32767,32767,32767,32767,32767,32767,32767,32767,32767,32767,32767,32767,38,32767,70,83,61,74,70,83,87,89,88,109,76,93,69,83,53,64,45,48,32767,59,30,81,76,86,77,32767,54,137,60,58,0,118,0,32767,32767,32767,32767,32767,32767,32767,32767,32767,32767,32767,32767,32767,32767,32767,32767,32767,32767,32767,32767,32767,32767,32767,32767,32767,32767,32767,32767,32767,74,108,42,37,69,32767,32767,8,9,48,42]} 1. e4 {[%emt 0:00:00]} d6 {[%emt 0:00:29]} 2. d4 {[%emt 0:00:00]} Nf6 {[%emt 0:00:07]} 3. Nc3 {[%emt 0:00:00]} e5 {[%emt 0:00:09]} 4. Nf3 {[%emt 0:00:47]} exd4 {[%emt 0:00:06]} 5. Nxd4 {[%emt 0:00:08]} Be7 {[%emt 0:00:07] LiveBook: 2422 Games} 6. g3 {[%emt 0:00:37]} O-O {[%emt 0:00:07]} 7. Bg2 {[%emt 0:00:13]} Re8 {[%emt 0:00:07]} 8. O-O {[%emt 0:00:32]} c6 {[%emt 0:00:31]} 9. h3 {[%emt 0:01:43]} Bf8 {[%emt 0:00:46]} 10. Re1 {[%emt 0:00:49]} Nbd7 {[%emt 0:00:34]} 11. a4 {[%emt 0:01:11]} a5 {[%emt 0:00:08] B07: Pirc Defence: Miscellaneous Systems} 12. b3 {[%emt 0:00:39]} (12. g4 g6 13. Bf4 Nc5 14. Qd2 Qb6 {0-1 (37) Robson,R (2628)-Gelashvili,T (2572) Arlington 2013}) 12... Nc5 {[%emt 0:04:43]} 13. Bf4 {[%emt 0:01:05]} Nfd7 {[%emt 0:06:26]} 14. Qd2 {[%emt 0:03:35]} Ne5 {[%emt 0:01:57]} 15. Rad1 $146 {[%emt 0:01:10]} Qc7 {[%emt 0:01:23]} 16. g4 {[%emt 0:05:56]} Bd7 {[%emt 0:02:05]} 17. Bg3 {[%emt 0:02:23]} f6 {[%emt 0:05:16]} 18. f4 {[%emt 0:03:35]} Nf7 {[%emt 0:00:50]} 19. Qf2 {[%emt 0:01:34]} Rad8 {[%emt 0:02:36]} 20. Kh2 {[%emt 0:09:59]} Bc8 {[%emt 0:12:10]} 21. Bf3 {[%emt 0:11:45]} Qb6 {[%emt 0:04:23]} 22. Qd2 {[%emt 0:04:31]} g6 {[%emt 0:01:33]} 23. Nb1 {[%emt 0:02:11]} Bh6 {[%emt 0:10:47]} 24. Qc3 {[%emt 0:02:40]} Bg7 {[%emt 0:03:29]} 25. Na3 {[%emt 0:01:05]} Qc7 {[%emt 0:06:14]} 26. Nc4 {[%emt 0:01:17]} b6 {[%emt 0:03:33]} 27. Bg2 {[%emt 0:06:13]} Bb7 {[%emt 0:03:42] [#]} (27... Ba6 $14) 28. Qd2 {[%emt 0:17:06]} (28. b4 $1 $16 {[%cal Rb4c5]} axb4 29. Qxb4) 28... Ba6 {[%emt 0:04:21]} 29. Qc3 {[%emt 0:00:45]} (29. Na3 $14) 29... Bb7 {[%emt 0:02:05]} 30. Qd2 {[%emt 0:00:09]} Re7 {[%emt 0:00:49]} 31. Qf2 {[%emt 0:07:11]} Rde8 {[%emt 0:01:22]} 32. Nd2 {[%emt 0:00:20]} Qc8 {[%emt 0:04:18]} 33. Bf3 {[%emt 0:00:42]} d5 {[%emt 0:00:47]} 34. exd5 {[%emt 0:00:36]} cxd5 {[%emt 0:00:15]} 35. Nb5 {[%emt 0:03:22]} Ne4 {[%emt 0:01:44]} 36. Bxe4 {[%emt 0:00:29]} dxe4 {[%emt 0:00:07]} 37. Nc4 {[%emt 0:00:41]} e3 {[%emt 0:01:08]} 38. Rxe3 {[%emt 0:01:06]} Rxe3 {[%emt 0:00:32]} 39. Nxe3 {[%emt 0:00:37]} Qc5 {[%emt 0:02:05]} 40. Nd5 {[%emt 0:01:56]} Qxf2+ {[%emt 0:17:37]} 41. Bxf2 {[%emt 0:15:17]} Re2 {[%emt 0:00:32]} 42. Kg3 {[%emt 0:01:47]} Rxc2 {[%emt 0:00:14]} 43. Bxb6 {[%emt 0:00:52]} Rb2 {[%emt 0:02:13]} 44. Bxa5 {[%emt 0:03:49]} Rxb3+ {[%emt 0:04:27]} 45. Kh2 {[%emt 0:03:14]} h5 {[%emt 0:02:12]} 46. Bc3 {[%emt 0:00:36]} (46. gxh5 $16 gxh5 47. Bc3) 46... hxg4 {[%emt 0:00:51]} 47. hxg4 {[%emt 0:00:01]} Nh6 {[%emt 0:00:53]} 48. Ne3 {[%emt 0:01:07]} Bc6 {[%emt 0:01:18]} 49. Rd8+ {[%emt 0:00:00]} Kh7 $14 50. Rc8 1/2-1/2

[Event "1. Bamberg-Open 2018"]
[Site "Bamberg"]
[Date "2018.05.10"]
[Round "2"]
[White "Rein, Joachim"]
[Black "Epding, Olaf"]
[Result "0-1"]
[WhiteElo "1942"]
[BlackElo "2238"]
[Annotator "NA"]
[PlyCount "72"]
[EventDate "2018.??.??"]
[EventType "swiss"]
[EventCountry "GER"]
[SourceTitle "playchess.com"]
[Source "ChessBase"]
[SourceQuality "1"]
[TimeControl "40/5400+30:900+30"]

{[%evp 22,64,-98,-102,-77,-107,-76,-85,-85,-108,-107,-137,-152,-193,-204,-213,-183,-164,-172,-180,-167,32767,-185,-212,-143,-182,-188,-193,-191,-220,-219,-222,-181,-249,-235,-267,-269,-235,-255,-495,-526,-520,-539,-548,-587]} 1. d4 {[%emt 0:00:00]} d5 {[%emt 0:00:10]} 2. e3 {[%emt 0:00:00]} c5 {[%emt 0:00:51]} 3. f4 {[%emt 0:00:03]} Nc6 {[%emt 0:02:04]} 4. c3 {[%emt 0:00:07]} Nf6 {[%emt 0:04:47]} 5. Bd3 {[%emt 0:00:16]} Bg4 {[%emt 0:02:11]} 6. Nf3 {[%emt 0:00:16]} e6 {[%emt 0:00:50]} 7. O-O {[%emt 0:00:16]} Bd6 {[%emt 0:01:08]} 8. Nbd2 {[%emt 0:02:07] D00: 1 d4 d5: Unusual lines} (8. Qe1 Bf5 9. Be2 Qb6 10. Kh1 h6 11. a4 c4 12. Ne5 Na5 13. Nd2 Ne4 14. Nef3 O-O-O 15. Nxe4 Bxe4 {0-1 (60) Sotsky,A (2348)-Kamsky,G (2648) Novi Sad 2016}) 8... cxd4 {[%emt 0:03:43]} 9. cxd4 {[%emt 0:00:34]} O-O {[%emt 0:00:15]} 10. Qe1 {[%emt 0:00:29]} Nb4 {[%emt 0:02:05]} 11. Bb1 {[%emt 0:00:46]} Bf5 $146 {[%emt 0:01:01]} ({Predecessor:} 11... Rc8 12. Ne5 Bf5 13. Bxf5 exf5 14. Qg3 Ne4 15. Qh3 Rxc1 16. Rfxc1 Nxd2 17. Qxf5 Bxe5 18. fxe5 {0-1 (69) Montell Lorenzo,J (2270)-Cuartas,J (2529) Sitges 2010}) 12. e4 {[%emt 0:03:36]} dxe4 {[%emt 0:02:19]} 13. Nxe4 {[%emt 0:00:06]} Rc8 {[%emt 0:03:37]} 14. Bd2 {[%emt 0:04:43]} Nbd5 {[%emt 0:06:08]} 15. Nxd6 {[%emt 0:04:17]} Qxd6 {[%emt 0:00:22]} 16. Nh4 {[%emt 0:20:51]} Rfe8 {[%emt 0:11:02]} 17. Qe5 {[%emt 0:03:02]} (17. Qd1 $17 {was worth a try.}) 17... Qb6 {[%emt 0:04:26]} 18. Nf3 {[%emt 0:03:20]} Ng4 {[%emt 0:04:08]} ({Much less strong is} 18... Qxb2 19. Bxf5 exf5 20. Qxf5 $17) 19. Qe2 {[%emt 0:11:26]} Qxb2 {[%emt 0:01:27]} 20. Bxf5 {[%emt 0:00:16]} exf5 {[%emt 0:00:48]} 21. Qd3 {[%emt 0:00:13]} Qc2 {[%emt 0:14:21]} 22. Qa3 {[%emt 0:00:10]} Qc7 {[%emt 0:08:57]} 23. Rac1 {[%emt 0:04:06] [#]} Qb8 $1 {[%emt 0:02:12]} 24. Rxc8 {[%emt 0:02:14]} Rxc8 {[%emt 0:00:22]} ({Much less strong is} 24... Qxc8 25. Qxa7 Qa8 26. Qxa8 $17) 25. h3 {[%emt 0:00:20]} Ngf6 {[%emt 0:00:39]} ({Weaker is} 25... Nxf4 26. hxg4 Ne2+ 27. Kf2 $14) 26. Ne5 {[%emt 0:00:18]} Ne4 {[%emt 0:00:54]} 27. Be1 {[%emt 0:01:42]} Rd8 {[%emt 0:03:09]} 28. Bh4 {[%emt 0:03:28]} f6 {[%emt 0:00:46]} 29. Nd3 {[%emt 0:01:08]} b6 {[%emt 0:00:37]} 30. Qb3 $2 {[%emt 0:01:28]} (30. Bf2) 30... Nd2 {[%emt 0:00:23]} 31. Qa4 {[%emt 0:00:52]} Nxf1 {[%emt 0:00:09]} 32. Kxf1 {[%emt 0:00:23]} Qc7 $19 {[%emt 0:02:00]} 33. Kg1 {[%emt 0:01:06]} Nxf4 {[%emt 0:01:04]} 34. Nxf4 {[%emt 0:02:06]} Qxf4 {[%emt 0:00:08]} 35. Bf2 {[%emt 0:00:09]} Rc8 {[%emt 0:01:02]} 36. g3 {[%emt 0:01:22]} Rc1+ {[%emt 0:00:11]} 0-1

[Event "1. Bamberg-Open 2018"]
[Site "Bamberg"]
[Date "2018.05.11"]
[Round "4"]
[White "Mons, Leon"]
[Black "Vogel, Roven"]
[Result "1/2-1/2"]
[WhiteElo "2551"]
[BlackElo "2449"]
[Annotator "TA"]
[PlyCount "59"]
[EventDate "2018.??.??"]
[EventType "swiss"]
[EventCountry "GER"]
[SourceTitle "playchess.com"]
[Source "ChessBase"]
[SourceQuality "1"]

{[%evp 26,59,63,55,76,76,79,64,73,50,71,77,79,81,66,70,103,100,89,31,33,41,41,0,0,0,0,0,0,-5,0,0,3,-12,-31,-13]} 1. e4 c6 2. d4 d5 3. exd5 cxd5 4. Bd3 Nc6 5. c3 Nf6 6. Bf4 Bg4 7. Qb3 Qc8 8. Nd2 e6 9. Ngf3 Be7 10. O-O O-O 11. Qc2 Bh5 12. Ne5 Bg6 13. Nxg6 {B13: Caro-Kann: Exchange Variation and Panov-Botvinnik Attack} hxg6 14. Nf3 {[#] LiveBook: 8 Games} Na5 $146 ({Predecessor:} 14... Qd8 15. g3 Rc8 16. Qe2 Re8 17. h4 Nh5 18. Bg5 Bf6 19. Rae1 Ne7 20. Bc1 e5 21. Nxe5 Bxe5 22. Qxe5 {½-½ (66) Sedlak,N (2523)-Sprenger,J (2520) Mali Losinj 2017}) 15. Qe2 {White is better.} Nc4 16. Ne5 (16. g3 {is interesting.} a6 17. Rfe1 Re8 18. b3 Na5 19. Rab1) 16... Nxe5 $1 17. dxe5 Nd7 18. Rae1 Nc5 19. Bb1 Rd8 20. g3 d4 {[#]} 21. cxd4 $1 Rxd4 22. h4 (22. Be3 $16 Rd5 23. b4) 22... Qd7 23. Be3 Rd5 $1 24. h5 gxh5 $1 25. Qxh5 {[#] White wants to mate with Qh7+.} Nd3 $1 26. Bxd3 Rxd3 27. Kg2 Qd5+ 28. Qf3 $1 Qxa2 29. Qxb7 Qd5+ 30. Qxd5 1/2-1/2

[Event "1. Bamberg-Open 2018"]
[Site "Bamberg"]
[Date "2018.05.11"]
[Round "4"]
[White "Danin, Alexandre"]
[Black "Thrish Karthik"]
[Result "1-0"]
[WhiteElo "2537"]
[BlackElo "1842"]
[Annotator "TA"]
[PlyCount "61"]
[EventDate "2018.??.??"]
[EventType "swiss"]
[EventCountry "GER"]
[SourceTitle "playchess.com"]
[Source "ChessBase"]
[SourceQuality "1"]

{[%evp 10,61,26,31,33,50,67,58,80,82,90,99,122,92,137,102,111,95,139,135,138,118,170,158,159,0,147,127,133,137,141,121,141,140,277,276,270,273,296,288,339,288,562,551,559,550,580,578,577,561,516,496,1128,1112]} 1. e4 {[%cal Be2e4,Be4e5][%mdl 32]} Nf6 2. Nc3 d5 {[%cal Bd7d5,Bd5d4][%mdl 32]} 3. e5 d4 4. Nce2 Ng4 5. f4 Nc6 6. Nf3 {LiveBook: 10 Games. B02: Alekhine's Defence: Chase Variation and lines with early Nc3} e6 (6... f6 7. h3 Nh6 8. c3 d3 9. Ned4 Nxd4 10. cxd4 Nf5 11. Bxd3 Nxd4 12. O-O c6 13. Kh1 f5 {½-½ (47) Froewis,G (2329)-Schroll,G (2414) Linz 2011}) 7. c3 {[%cal Re2d4]} dxc3 8. bxc3 {White is slightly better.} Be7 9. d4 O-O $146 ({Predecessor:} 9... f5 10. Ng3 O-O 11. Be2 Na5 12. O-O c5 13. h3 Nh6 {1-0 (66) Morales Pecino,B (1967)-Winiarski,M (2178) IECG email 2002}) 10. Ng3 Bh4 11. Qd3 f5 12. Nxh4 Qxh4 13. Be2 Bd7 14. h3 Nh6 15. O-O Ne7 (15... Rfd8 $16) 16. Nh5 Be8 17. Ng3 $2 (17. Bd2 $16 Ng6 18. Be1) 17... Bc6 (17... Bd7 $1 $11 {remains equal.}) 18. Bd2 $36 {[%mdl 2048] White is on the roll.} Ng6 19. Qe3 Qe7 20. c4 Rad8 21. Rab1 b6 (21... Qd7 $16 {might work better.}) 22. Bb4 $18 Qd7 23. Bxf8 Kxf8 24. Rbd1 Nh4 25. Rf2 {[%cal Bf1f2,Bf2d2,Bd2d5][%mdl 32]} Kg8 $2 {[#]} (25... Ng8 {was called for.} 26. Nh5 Be4) 26. d5 $1 {White is clearly winning.} exd5 27. cxd5 Bxd5 {[#]} 28. Bc4 $1 {[%mdl 512]} c6 (28... Bxc4 29. Rxd7) 29. Rfd2 Qe6 30. Qb3 {[%cal Rd2d5]} Ng6 (30... Kh8 $142 31. Bxd5 cxd5 32. Rxd5 Rf8) 31. Rxd5 {Precision: White = 80%, Black = 19%.} 1-0

[Event "1. Bamberg-Open 2018"]
[Site "Bamberg"]
[Date "2018.05.11"]
[Round "4"]
[White "Karpatchev, Aleksandr"]
[Black "Mazur, Stefan"]
[Result "1-0"]
[WhiteElo "2463"]
[BlackElo "2413"]
[Annotator "TA"]
[PlyCount "83"]
[EventDate "2018.??.??"]
[EventType "swiss"]
[EventCountry "GER"]
[SourceTitle "playchess.com"]
[Source "ChessBase"]
[SourceQuality "1"]

{[%evp 12,83,77,72,118,118,136,58,58,57,73,64,79,87,88,87,94,96,102,89,100,76,79,50,105,108,107,105,113,110,112,109,114,107,112,114,130,130,144,112,162,116,143,122,151,146,224,188,351,167,292,162,166,177,173,177,295,287,312,269,349,341,448,416,476,471,464,464,840,840,1358,1196,29976,2101]} 1. Nc3 e5 2. Nf3 Nc6 3. d4 exd4 4. Nxd4 Nf6 5. Bg5 h6 (5... Be7 6. Nf5 Rg8 7. e3 d5 8. Nxe7 Nxe7 9. Qd4 Be6 10. O-O-O Qd7 11. Bxf6 gxf6 12. Qxf6 O-O-O 13. g3 Kb8 {1-0 (31) Andreikin,D (2720)-Kryvoruchko,Y (2710) Berlin 2015}) 6. Bxf6 {A00: Irregular Openings} Qxf6 7. Ndb5 $1 {[%cal Rb5c7] LiveBook: 4 Games} Qd8 {[#]} 8. Nd5 $1 {[%cal Rd5c7] White is better.} Bb4+ {[#]} 9. Nxb4 ({Better is} 9. c3 $1 $16 Ba5 10. e3) 9... Nxb4 $14 10. Qd2 Na6 11. Nxa7 $146 ({Predecessor:} 11. e4 d6 12. O-O-O O-O 13. Nc3 {½-½ (20) Werner,C (2198)-Kraft,V (2409) Bayern 2006}) 11... O-O 12. Nxc8 Qf6 13. e3 ({Much weaker is} 13. Qxd7 $6 Qxb2 14. Ne7+ Kh7 $11) 13... Rfxc8 14. Qd4 Qc6 15. Bc4 Re8 16. Bxa6 (16. a3 {feels hotter.} Nc5 17. O-O Re4 18. Qd5 Qxd5 19. Bxd5 Rea4 20. Rfd1) 16... Qxa6 17. Qd3 (17. a3 {looks sharper.} d6 18. c3 Re5 19. Qd2 h5 20. Qe2) 17... Re6 (17... Qb6 $14) 18. Qxa6 $16 ({Of course not} 18. Qxd7 $6 Rd6 $11) 18... Rexa6 {[%mdl 4096] Endgame KRR-KRR} 19. a3 Rd6 20. Ke2 Rc6 21. Rhc1 Ra5 22. c3 Rb6 23. Rc2 Rh5 24. h3 {[%cal Bh2h3,Bh3h4][%mdl 32]} Rg6 25. Kf1 Rd5 26. g3 h5 27. h4 Rgd6 28. Ke2 c5 (28... Ra6 $16 {might work better.} 29. c4 Re5) 29. b4 b5 $2 (29... Ra6 30. c4 Re5) 30. a4 (30. c4 $142 bxc4 31. b5 (31. Rxc4 Rd2+ 32. Ke1 cxb4 $16)) 30... bxa4 (30... cxb4 {is a better defense.} 31. cxb4 bxa4 32. Rxa4 Kf8) 31. Rxa4 (31. c4 $142 Re5 32. b5 (32. Rxa4 cxb4 33. Rxb4 g6 $16)) 31... cxb4 $18 32. cxb4 Kf8 33. Ra5 Rd1 (33... Ke7 {was called for.} 34. Rb2 Ke6) 34. Rxh5 Rb1 35. Rb5 Ra6 36. Rd2 d6 37. Rb7 g6 38. Rc2 d5 39. g4 Rh1 (39... Kg7 $142 40. g5 Ra8) 40. b5 Re6 41. Rcc7 Rf6 42. g5 {Precision: White = 58%, Black = 25%.} (42. Rb8+ $142 Kg7 43. g5 Rxf2+ 44. Kxf2 d4 45. exd4 Rxh4 46. Rcc8 Rh2+ 47. Kg3) 1-0

[Event "1. Bamberg-Open 2018"]
[Site "Bamberg"]
[Date "2018.05.11"]
[Round "4"]
[White "Keymer, Vincent"]
[Black "Kunin, Vitaly"]
[Result "1/2-1/2"]
[WhiteElo "2443"]
[BlackElo "2545"]
[Annotator "TA"]
[PlyCount "91"]
[EventDate "2018.??.??"]
[EventType "swiss"]
[EventCountry "GER"]
[SourceTitle "playchess.com"]
[Source "ChessBase"]
[SourceQuality "1"]

{[%evp 22,91,30,38,36,29,39,9,47,31,43,49,57,32,44,33,33,12,53,14,55,45,62,20,52,47,57,42,54,40,43,50,52,37,49,35,42,34,36,0,0,0,0,0,0,0,0,-93,0,0,0,0,0,0,0,0,0,0,0,0,0,0,0,0,0,0,0,0,0,0,0,0]} 1. d4 Nf6 2. c4 e6 3. Nf3 Bb4+ 4. Nbd2 b6 5. a3 Bxd2+ 6. Qxd2 Bb7 7. e3 O-O 8. b4 d6 9. Bb2 Nbd7 10. Be2 a5 11. O-O Qe7 12. Rfd1 {LiveBook: 5 Games. E14: Queen's Indian: Classical Variation (4 e3)} (12. b5 Ne4 13. Qc1 f5 14. Ne1 Rae8 15. f3 Ng5 16. Nd3 e5 17. c5 bxc5 18. dxc5 dxc5 19. Nf2 Kh8 {0-1 (30) Sadzikowski,D (2590)-Kunin,V (2531) Germany 2017}) 12... h6 13. Qc3 $146 ({Predecessor:} 13. Qc2 Be4 14. Qc3 c6 15. h3 Bg6 16. Rac1 Rfc8 17. Qb3 Bh5 18. b5 c5 19. Qc2 Re8 {½-½ (42) Saint Arnaud,P (2152)-Dulany,L (2353) ICCF email 2015}) 13... Ra7 14. d5 {White is slightly better.} e5 15. Qc2 Rfa8 16. Nd2 Qe8 17. Bd3 axb4 18. axb4 Rxa1 19. Bxa1 Nf8 20. Bb2 Bc8 (20... b5 $5) 21. Ra1 Bd7 22. Qb1 c6 23. dxc6 Bxc6 24. f3 h5 25. Rxa8 Qxa8 26. Qa1 Qb8 27. Qa6 Ne6 28. Be2 h4 29. Kf2 Qc7 30. Nb1 d5 31. cxd5 Nxd5 32. Nc3 Nxc3 33. Bxc3 e4 {...exf3 is the strong threat.} 34. fxe4 {[#]} (34. f4 $11 {keeps the balance.}) 34... Ng5 ({Better is} 34... Bb7 $1 $17 {[%cal Rb7a6]} 35. Qa7 Ng5) 35. Bd4 $11 {The position is equal.} Bb7 36. Qxb6 Nxe4+ 37. Kg1 Qc1+ 38. Bf1 Qe1 39. h3 Qf2+ 40. Kh2 Qg3+ 41. Kg1 $1 Qf2+ 42. Kh2 Qg3+ 43. Kg1 $1 Ng5 {[#] ( -> ...Nf3+)} 44. Qxb7 {Intending Qc8+ and mate.} Nxh3+ $1 45. Kh1 {Qc8+ would kill now.} Nf2+ 46. Kg1 {Precision: White = 54%, Black = 54%.} 1/2-1/2

[Event "1. Bamberg-Open 2018"]
[Site "Bamberg"]
[Date "2018.05.11"]
[Round "4"]
[White "Troyke, Christian"]
[Black "Maier, Alexander"]
[Result "1/2-1/2"]
[WhiteElo "2342"]
[BlackElo "2267"]
[Annotator "TA"]
[PlyCount "45"]
[EventDate "2018.??.??"]
[EventType "swiss"]
[EventCountry "GER"]
[SourceTitle "playchess.com"]
[Source "ChessBase"]
[SourceQuality "1"]

{[%evp 16,45,7,10,26,30,50,28,50,35,50,50,50,58,65,81,106,0,8,-13,-33,-54,-50,-33,-41,-20,0,0,1,-5,-11,-63]} 1. g3 e5 2. c4 Nc6 3. Bg2 Bc5 4. Nc3 d6 5. e3 a6 6. Nge2 {A25: English Opening vs King's Indian with ...Nc6 but without early d3} (6. Nf3 Nf6 7. O-O O-O 8. h3 Ba7 9. d4 h6 10. dxe5 dxe5 11. Qxd8 Rxd8 12. b3 Be6 13. Ba3 Rd7 14. Rfd1 Rad8 15. Rxd7 Rxd7 {½-½ (41) Howell,D (2676)-Ponomariov,R (2694) Riadh 2017}) 6... Ba7 7. d4 Nge7 8. h3 O-O 9. O-O {LiveBook: 5 Games} Bd7 10. b3 $146 ({Predecessor:} 10. Kh2 Rb8 11. b3 b5 {0-1 (25) Madjar,S (2170)-Milanovic,D (2496) Pozarevac 2013}) 10... Qc8 11. Kh2 Rb8 12. a4 exd4 13. exd4 Re8 14. Bb2 Nb4 15. Qd2 Bf5 16. Ne4 (16. g4 $16 Bd7 17. Nf4) 16... Nec6 $11 17. f3 {[#] Threatens to win with d5.} (17. Ng5 {is more complex.} Bd3 18. Rae1 Qf5 19. Nf3 a5 20. Rg1) 17... d5 18. cxd5 Nxd5 19. g4 Bg6 20. N2g3 f5 {The position is equal.} 21. gxf5 Bxf5 22. Qg5 Rf8 23. Rad1 {Precision: White = 57%, Black = 41%.} (23. Rae1 $11) 1/2-1/2

[Event "1. Bamberg-Open 2018"]
[Site "Bamberg"]
[Date "2018.05.11"]
[Round "4"]
[White "Schulz, Lukas"]
[Black "Krauseneck, Peter"]
[Result "1-0"]
[WhiteElo "2276"]
[BlackElo "2148"]
[Annotator "TA"]
[PlyCount "107"]
[EventDate "2018.??.??"]
[EventType "swiss"]
[EventCountry "GER"]
[SourceTitle "playchess.com"]
[Source "ChessBase"]
[SourceQuality "1"]

{[%evp 13,107,-51,-34,-45,-22,-31,0,-16,10,12,18,18,14,11,27,0,13,-8,-8,-30,-10,-19,-10,-10,-2,-10,5,-25,-2,-10,0,-37,-31,-96,-13,-63,-63,-64,28,22,29,14,29,29,52,47,79,66,160,141,145,150,161,144,240,237,258,258,251,246,258,258,303,252,597,592,648,649,699,691,672,643,1196,1072,938,0,1488,1455,1223,1097,29978,29979,29979,29980,29980,29981,29981,29982,29982,29983,29979,29979,29988,29989,29989,29990]} 1. e4 e6 2. Nc3 d5 3. g3 c5 4. Bg2 Nf6 (4... dxe4 5. Nxe4 Nh6 6. Nf3 Nf5 7. O-O Be7 8. b3 O-O 9. Bb2 Nc6 10. d3 b6 11. Re1 Bb7 12. Nfd2 Qc7 13. Nc4 {1-0 (33) Mamedov,R (2688)-Grandelius,N (2643) Tallinn 2016}) 5. Nge2 d4 6. Nb1 {B23: Closed Sicilian: Lines without g3} e5 7. d3 Nc6 {LiveBook: 3 Games} 8. O-O {Black is slightly better.} h6 9. f4 Bg4 $146 ({Predecessor:} 9... Qc7 10. Nd2 a6 11. Nf3 Bd6 {1-0 (43) Pilgram,A (1922)-Suess,S (2021) Berlin 2005}) 10. h3 (10. f5 {is interesting.} Nh5 11. Bd2 c4 12. Be1 Qg5 13. Bd2) 10... Bxe2 (10... Be6 {looks sharper.} 11. c3 Bd6 12. Nd2 O-O 13. cxd4 cxd4 14. b3 Re8) 11. Qxe2 Bd6 12. a4 Qe7 13. Na3 O-O-O 14. f5 Bc7 15. h4 Ne8 16. Qf2 f6 17. Bf3 Nd6 18. Qe2 Kb8 19. Bh5 Rc8 20. g4 a6 21. Kg2 Qd7 22. Rh1 Ba5 23. g5 (23. Rf1 $15) 23... Bb4 (23... hxg5 $17 24. hxg5 Ne7) 24. gxh6 gxh6 25. Kh2 Bxa3 ({Better is} 25... Rcg8 $15) 26. Rxa3 $11 Rcg8 27. Bd2 Qg7 {[%csl Gg8][%cal Rg7g3] [#]} (27... Qc7 {keeps more tension.} 28. Rf1 Nb4 29. Be1 Rg7 30. Bg6 a5) 28. Bg6 Qc7 29. Raa1 {[%cal Ba3a1,Ba1g1,Bg1g2][%mdl 32]} Ne7 30. Rhg1 Nxg6 (30... Qb6 $14) 31. Rxg6 $16 Rxg6 32. fxg6 h5 33. Rg1 Qg7 (33... Ne8 $16 34. b3 b6) 34. b4 $18 cxb4 35. Bxb4 Ne8 36. Qf3 Qd7 37. a5 Qc6 38. Rg2 Qe6 $2 {[#]} (38... Qd7 {is more resistant.} 39. c4 dxc3) 39. g7 Rg8 40. Qxh5 Rxg7 41. Rxg7 Nxg7 42. Qg6 Ne8 43. h5 {[%cal Bh4h5,Bh5h6,Bh6h7][%mdl 32]} Qc6 44. Kg1 $2 (44. h6 $18) 44... Nc7 $2 {[%mdl 8192]} (44... Qxc2 $11 45. Qxe8+ Ka7) 45. h6 Qxc2 46. h7 Qd1+ 47. Kh2 {White mates.} Qe2+ 48. Qg2 Qh5+ 49. Qh3 Qe2+ 50. Kg1 Qd1+ 51. Kf2 Qc2+ 52. Kf1 Qc1+ 53. Be1 Qf4+ 54. Ke2 {Precision: White = 55%, Black = 17%.} 1-0

[Event "1. Bamberg-Open 2018"]
[Site "Bamberg"]
[Date "2018.05.11"]
[Round "4"]
[White "Goldbeck, Lars"]
[Black "Donchenko, Alexander"]
[Result "0-1"]
[WhiteElo "2247"]
[BlackElo "2587"]
[Annotator "TA"]
[PlyCount "86"]
[EventDate "2018.??.??"]
[EventType "swiss"]
[EventCountry "GER"]
[SourceTitle "playchess.com"]
[Source "ChessBase"]
[SourceQuality "1"]

{[%evp 19,86,0,0,-16,-15,-16,-10,-67,-85,-102,-97,-121,-80,-99,-111,-137,-130,-127,-120,-144,-142,-164,-129,-128,-133,-159,-133,-142,-138,-159,-161,-152,-147,-182,-187,-217,-196,-217,-223,-232,-210,-223,-240,-261,-270,-495,-391,-415,-341,-957,-771,-1357,-1366,-1376,-898,-29992,-29993,-29993,-1302,-29995,-29996,-29996,-29997,-29997,-29996,-29996,-29997,-29997,-29998]} 1. d4 Nf6 2. c4 e6 3. Nf3 d5 4. g3 Bb4+ 5. Bd2 Bd6 6. Bg2 c6 7. O-O O-O 8. Qc2 Nbd7 9. Nc3 dxc4 {E01: Catalan: Early deviations} 10. Rfd1 Qe7 {LiveBook: 4 Games} 11. Ng5 $146 ({Predecessor:} 11. Bg5 h6 12. Bxf6 Nxf6 {½-½ (31) Dominguez Perez,L (2736)-Kryvoruchko,Y (2697) Linares 2015}) 11... h6 {The position is equal.} 12. Nge4 Bc7 13. h3 ({White should try} 13. Nxf6+ $11 Nxf6 14. Ne4) 13... Nd5 $15 14. b3 f5 {White must now prevent ...cxb3.} 15. Nxd5 exd5 ({Reject} 15... cxd5 $6 16. Nc3 $11) 16. Nc3 cxb3 17. Qxb3 Nf6 18. e3 Bd6 19. Rab1 Rf7 20. a4 Ne4 21. a5 Be6 22. Ne2 g5 23. Bb4 Raf8 24. Rdc1 a6 25. Rb2 Qd8 26. Bf1 Rg7 27. Nc3 Bxb4 $1 28. Qxb4 {[#]} Nd6 $1 29. Na4 f4 30. Nc5 {[#]} Bc8 $1 31. exf4 gxf4 32. Qc3 $2 (32. Qe1) 32... Nf5 33. g4 h5 34. Be2 $2 (34. f3 Re8 35. Bg2) 34... Qh4 35. Kf1 hxg4 36. Bxg4 {[#]} Ne3+ $1 {[%mdl 512]} 37. fxe3 fxe3+ 38. Ke2 Rxg4 (38... Bxg4+ $142 39. hxg4 Qxg4+ 40. Kd3 Qf5+ 41. Ne4 Qxe4+ 42. Ke2 Rg2+ 43. Ke1 Rg1+ 44. Ke2 Rf2#) 39. hxg4 Bxg4+ {Black mates.} 40. Kd3 Qh7+ 41. Kxe3 Rf3+ 42. Kd2 Qh2+ 43. Ke1 Qg1+ {Precision: White = 26%, Black = 89%.} 0-1